Flagi państw "Pod Lupą" #4 - Statystyki

Ogólne statystyki
  • Ten quiz został rozwiązany 283 razy
    247 od ostatniego zresetowania
  • Średni wynik to 14 z 16
Statystyki odpowiedzi
Obrazkowy Odpowiedź % Poprawnych
Argentyna
98%
Bośnia i Hercegowina
96%
Słowacja
96%
Czarnogóra
94%
Kosowo
94%
San Marino
94%
Liechtenstein
92%
Maroko
92%
Azerbejdżan
89%
Syria
83%
Mongolia
80%
Andora
77%
Kirgistan
76%
Senegal
74%
Tadżykistan
66%
Libia
59%
Nie znaleziono quizów pasujących do podanych kryteriów
Rozkład punktacji
Procent ludzi z każdym wynikiem
Percentyl według liczby udzielonych odpowiedzi
Twoja historia wyników
Nie rozwiązałeś tego quizu od ostatniego zresetowania